000 00360nam a2200145Ia 4500
008 230917s9999||||xx |||||||||||||| ||und||
040 _e26636
_aMAIN
041 _aEnglish
082 _a330.1543 J893T
100 _aJudge, George G
245 0 _aTheory and practice of econometrics
250 _a2nd ed.
260 _aCanada
_bJohn Wiley & Sons
942 _cBK
999 _c83456
_d83456